AC Milan Squad 2002-2003 - Statistics

General Stats
  • This quiz has been taken 53 times
  • The average score is 19 of 30
Answer Stats
# Position Nation Player % Correct
7 FW Ukraine Andriy Shevchenko
95%
3 DF Italy Paolo Maldini
95%
12 GK Brazil Dida
92%
21 MF Italy Andrea Pirlo
90%
8 MF Italy Gennaro Gattuso
90%
4 DF Georgia Kakhaber Kaladze
90%
10 MF Portugal Rui Costa
90%
20 MF Netherlands Clarence Seedorf
87%
9 FW Italy Filippo Inzaghi
87%
13 DF Italy Alessandro Nesta
82%
- Coach Italy Carlo Ancelotti
72%
18 GK Italy Christian Abbiati
72%
5 MF Argentina Fernando Redondo
69%
15 FW Denmark Jon Dahl Tomasson
69%
11 MF Brazil Rivaldo
69%
23 MF Italy Massimo Ambrosini
64%
14 DF Croatia Dario Šimić
62%
25 DF Brazil Roque Júnior
59%
27 DF Brazil Serginho
59%
2 DF Denmark Thomas Helveg
54%
83 MF Gabon Catilina Aubameyang
51%
19 DF Italy Alessandro Costacurta
46%
32 MF Italy Cristian Brocchi
46%
24 DF Denmark Martin Laursen
44%
1 GK Italy Valerio Fiori
33%
16 DF Argentina José Chamot
31%
31 MF France Ibrahim Bá
28%
30 FW Italy Marco Borriello
28%
28 MF Italy Samuele Dalla Bona
26%
33 MF Brazil Leonardo
13%
No matching quizzes found
Score Distribution
Percent of People with Each Score
Percentile by Number Answered
Your Score History
You have not taken this quiz